pokemon 6 g ordre alphabetique - Statistiques

Statistiques générales
  • Ce quiz a été pris 25 fois
  • Le résultat moyen est 62 sur 72
Statistiques - réponses
Hint Réponse % Correct
49 amagara
100%
9 amphinobi
90%
62 banshitrouye
90%
3 blindepique
90%
2 boguerisse
90%
13 braisillon
90%
59 brocelome
90%
52 brutalibre
90%
66 bruyverne
90%
34 cocotine
90%
8 croaporal
90%
36 cupcanaille
90%
60 desseliande
90%
70 diancie
90%
31 dimocles
90%
50 dragmara
90%
11 excavarenne
90%
14 flambusard
90%
33 fluvetin
90%
6 goupelin
90%
63 grelacon
90%
18 helionceau
90%
71 hoopa
90%
15 lepidonille
90%
1 marisson
90%
29 mistigrix
90%
30 monorpale
90%
19 nemelios
90%
51 nymphali
90%
12 passerouge
90%
17 prismillon
90%
28 psystigri
90%
47 ptyranidur
90%
48 rexillius
90%
5 roussil
90%
10 sapereau
90%
64 seracrawl
90%
65 sonistrelle
90%
54 strassie
90%
35 sucroquin
90%
58 trousselin
90%
72 volcanion
90%
67 xerneas
90%
68 yveltal
90%
69 zygarde
90%
23 cabriolaine
80%
24 chevroum
80%
56 colimucus
80%
27 couafarel
80%
53 dedenne
80%
32 exagide
80%
4 feunnec
80%
20 flabebe
80%
21 floette
80%
22 florges
80%
45 galvaran
80%
44 gamblast
80%
40 golgopathe
80%
7 grenousse
80%
46 iguolta
80%
42 kravarech
80%
55 mucuscule
80%
57 muplodocus
80%
39 opermine
80%
26 pandarbare
80%
25 pandespiegle
80%
16 peregrain
80%
61 pitrouille
80%
37 sepiatop
80%
38 sepiatroce
80%
41 venalgue
80%
43 flingouste
70%
Aucun quiz correspondant
Distribution des résultats
% des personnes avec chaque résultat
Percentile par nombre de réponses
Votre historique - résultats
Vous n’avez pas pris ce quiz